VISOR: video imaging and selective object tRacker (Record no. 12917)
[ view plain ]
| 000 -LEADER | |
|---|---|
| fixed length control field | 00563nam a22001817a 4500 |
| 003 - CONTROL NUMBER IDENTIFIER | |
| control field | NUST |
| 038 ## - RECORD CONTENT LICENSOR | |
| Staff Name | Nusrat Nadeem |
| 082 ## - DEWEY DECIMAL CLASSIFICATION NUMBER | |
| Classification number | BEE-2 ARS |
| 100 ## - MAIN ENTRY--PERSONAL NAME | |
| Personal name | Muhammad Arsalan khalid |
| 9 (RLIN) | 91592 |
| 245 ## - TITLE STATEMENT | |
| Title | VISOR: video imaging and selective object tRacker |
| 260 ## - PUBLICATION, DISTRIBUTION, ETC. | |
| Place of publication, distribution, etc. | Islamabad |
| Name of publisher, distributor, etc. | NUST-SEECS |
| Date of publication, distribution, etc. | 2014 |
| 300 ## - PHYSICAL DESCRIPTION | |
| Extent | 75p. : |
| 500 ## - GENERAL NOTE | |
| General note | Supervisor:Dr. Rehan Hafiz |
| 563 ## - BINDING INFORMATION | |
| Binding note | HB |
| 700 ## - ADDED ENTRY--PERSONAL NAME | |
| Personal name | Muhammad Arsalan khalid, Rohail Muddassir Mirza, Hamza Naeem, Mohsin Yousuf |
| 9 (RLIN) | 91593 |
| 856 ## - ELECTRONIC LOCATION AND ACCESS | |
| Uniform Resource Identifier | <a href=" http://10.250.8.41:8080/xmlui/handle/123456789/9788"> http://10.250.8.41:8080/xmlui/handle/123456789/9788</a> |
| 942 ## - ADDED ENTRY ELEMENTS (KOHA) | |
| Koha item type | Project Report |
| Source of classification or shelving scheme | |
| Withdrawn status | Lost status | Source of classification or shelving scheme | Damaged status | Not for loan | Permanent Location | Current Location | Shelving location | Date acquired | Total Checkouts | Full call number | Barcode | Date last seen | Date last checked out | Price effective from | Koha item type |
|---|---|---|---|---|---|---|---|---|---|---|---|---|---|---|---|
| WITHDRAWN | Central Library (CL) | Central Library (CL) | General Stacks | 09/22/2014 | 1 | BEE-2 ARS | SEECSP01562 | 05/18/2015 | 05/17/2015 | 09/22/2014 | Project Report | ||||
| WITHDRAWN | Central Library (CL) | Central Library (CL) | 10/02/2020 | 621.3 | CL-BP-352 | 10/02/2020 | 10/02/2020 | Project Report |
